000 00688nam a2200205 a 4500
003 PILC
005 20160215102939.0
008 091116s19uu xx 00 eng d
020 _a9781405158787
050 _aBF 76.7
_b.B45 2008
100 _aBeins, Bernard C.
245 _aEffective writing in Psychology :
_bpapers, posters, and presentations /
_cBernard C. Beins and Agatha M. Beins.
260 _aU.S.A :
_bBlackwell Publishing,
_c2008.
300 _a269 pages :
_c24 cm.
_billustrations ;
500 _aIncludes appendices, bibliographical references and index.
650 _aPsychology
_xAuthorship.
700 _aBeins, Agatha M.
942 _cBK
_2lcc
_kFOR
999 _c23697
_d23697